Ciudades de Alemania - Estadísticas

Estadísticas generales
  • Esta prueba ha sido intentada 217 veces
  • La puntuación promedio es 7 de 10
Estadísticas de respuestas
Hint Respuesta % Correcto
1. Berlín
98%
9. Múnich
93%
7. Hamburgo
90%
2. Colonia
80%
10. Stuttgart
79%
3. Dortmund
63%
4. Düsseldorf
62%
8. Leipzig
56%
6. Fráncfort
43%
5. Essen
31%
No se encontraron pruebas coincidentes
Distribución de puntuación
Porcentaje de gente con cada puntuación
Porcentaje por número respondido
Historial de tus puntuaciones
No has intentado esta prueba.